Les pays européens n'appartenant pas à l'UE - Statistiques

Statistiques générales
  • Ce quiz a été pris 138 fois
  • Le résultat moyen est 17 sur 20
Statistiques - réponses
Rg Réponse % Correct
1 Russie
97%
19 Monaco
95%
20 Vatican
95%
16 Andorre
94%
6 Bélarus
94%
4 Ukraine
94%
14 Monténégro
92%
9 Norvège
90%
18 Saint-Marin
90%
7 Suisse
90%
8 Serbie
89%
15 Islande
88%
17 Liechtenstein
88%
13 Macédoine du Nord
88%
3 Royaume-Uni
88%
12 Albanie
86%
11 Moldavie
86%
10 Bosnie-Herzégovine
83%
2 Turquie
82%
5 Kazakhstan
26%
Aucun quiz correspondant
Distribution des résultats
% des personnes avec chaque résultat
Percentile par nombre de réponses
Votre historique - résultats
Vous n’avez pas pris ce quiz